[Event "European Youth Chess Championship B8"]
[Site "Prague, Top Hotel Prague"]
[Date "2016.08.24"]
[Round "6.7"]
[White "Pham, Chi Cuong"]
[Black "Habans, Aguerrea Javier"]
[Result "0-1"]
[WhiteElo "1313"]
[BlackElo "1544"]
[PlyCount "110"]
[EventDate "2016.08.18"]

1. e4 c5 2. c3 g6 3. d4 cxd4 4. cxd4 d5 5. exd5 Nf6 6. Nc3 Bg7 7. Qb3 O-O 8.
Nf3 Nbd7 9. Bd3 Nb6 10. O-O Nbxd5 11. Re1 e6 12. Bg5 h6 13. Bd2 b6 14. Rac1 Bb7
15. Ne2 Qe7 16. Ne5 Rac8 17. Bxg6 fxg6 18. Nxg6 Qd6 19. Nxf8 Rxf8 20. f3 Re8
21. Ng3 Nc7 22. Nf5 Qd7 23. Nxg7 Kxg7 24. Qe3 Rh8 25. Qe5 Nce8 26. Be3 Kf7 27.
Rc2 Qd5 28. Rec1 Rg8 29. Qxd5 Nxd5 30. Bxh6 Nd6 31. Bd2 Kf6 32. Kf2 Nf5 33. g3
Nxd4 34. Rc4 Nf5 35. Bc3+ Kf7 36. Be5 Ba6 37. Rc7+ Nxc7 38. Rxc7+ Kg6 39. g4
Ng7 40. Rxa7 Bc4 41. b3 Bd3 42. h4 b5 43. h5+ Nxh5 44. gxh5+ Kxh5 45. Rh7+ Bxh7
46. a4 bxa4 47. bxa4 Ra8 48. Kg3 Rxa4 49. f4 Be4 50. Kh3 Ra3+ 51. Kh2 Kg4 52.
Kg1 Kf3 53. Kf1 Re3 54. Kg1 Re1+ 55. Kh2 Kg4 0-1

[Event "European Youth Chess Championship B8"]
[Site "Prague, Top Hotel Prague"]
[Date "2016.08.24"]
[Round "6.8"]
[White "Bialiauski, Artsiom"]
[Black "Ribstein, Orel"]
[Result "1-0"]
[WhiteElo "1436"]
[BlackElo "1315"]
[PlyCount "65"]
[EventDate "2016.08.18"]

1. e4 c5 2. Nc3 a6 3. f4 b5 4. d4 cxd4 5. Qxd4 Nc6 6. Qf2 Bb7 7. Nf3 e6 8. Bd3
Nb4 9. O-O Nf6 10. a3 Nxd3 11. cxd3 Be7 12. Be3 Ng4 13. Qe2 Nxe3 14. Qxe3 O-O
15. Rad1 d5 16. Ne2 Qa5 17. Kh1 dxe4 18. dxe4 Rfd8 19. b4 Qc7 20. Rc1 Qd7 21.
Ne5 Qe8 22. Rc7 Rab8 23. Qa7 f6 24. Nc6 Bxc6 25. Rxe7 Qg6 26. Ng3 Ra8 27. Qe3
Rd6 28. f5 exf5 29. Nxf5 Rd7 30. Rxd7 Qe8 31. Rxg7+ Kh8 32. Rxh7+ Kg8 33. Qh6
1-0

[Event "European Youth Chess Championship B8"]
[Site "Prague, Top Hotel Prague"]
[Date "2016.08.24"]
[Round "6.9"]
[White "Vafin, Tagir"]
[Black "Magold, Filip"]
[Result "1-0"]
[WhiteElo "1346"]
[BlackElo "1431"]
[PlyCount "81"]
[EventDate "2016.08.18"]

1. d4 d5 2. c4 e6 3. Nc3 Nf6 4. cxd5 exd5 5. Bg5 Nbd7 6. e3 c6 7. Nf3 Be7 8.
Bd3 O-O 9. O-O Re8 10. Qc2 Nf8 11. Bxf6 Bxf6 12. b4 Bg4 13. Nd2 Ne6 14. Bxh7+
Kh8 15. Bd3 Nc7 16. b5 g6 17. bxc6 bxc6 18. Na4 Qd6 19. Rac1 Bd7 20. Nc5 Be6
21. Nb7 Qa3 22. Nb3 Rab8 23. Qxc6 Rec8 24. N7c5 Nb5 25. Qa6 Qxa6 26. Nxa6 Rxc1
27. Rxc1 Rb6 28. Bxb5 Rxb5 29. Nc7 Rb7 30. Nxe6 fxe6 31. Rc6 a5 32. g3 Kg7 33.
Rxe6 a4 34. Nc5 Rb2 35. Nxa4 Rxa2 36. Nc5 Kf7 37. Rd6 Ra1+ 38. Kg2 Ra5 39. Rxd5
Be7 40. Rd7 Ke8 41. Rc7 {n.r.} 1-0

[Event "European Youth Chess Championship B8"]
[Site "Prague, Top Hotel Prague"]
[Date "2016.08.24"]
[Round "6.11"]
[White "Razhbadinov, Rasul"]
[Black "Abasov, Yusif"]
[Result "0-1"]
[WhiteElo "1263"]
[BlackElo "1398"]
[PlyCount "83"]
[EventDate "2016.08.18"]

1. e4 c5 2. Nf3 d6 3. d4 cxd4 4. Nxd4 Nf6 5. Nc3 g6 6. Be3 Bg7 7. f3 Nc6 8. Qd2
O-O 9. Bc4 Bd7 10. O-O-O Rb8 11. h4 b5 12. Ndxb5 Ne5 13. Be2 Qa5 14. Nd4 Rfc8
15. Nb3 Rxb3 16. cxb3 Qxa2 17. Qc2 Qa5 18. Kb1 Nc6 19. Qd2 Nb4 20. g4 Be6 21.
Qd4 Bxb3 22. Qxa7 Qxa7 23. Bxa7 Bc2+ 24. Kc1 Bxd1 25. Rxd1 Nd7 26. Kd2 Nc5 27.
Bc4 Nxe4+ 28. Nxe4 Rxc4 29. Nc3 Nc6 30. Be3 Ne5 31. Ke2 Rb4 32. Rb1 Nc4 33. Kd3
Rxb2 34. Kxc4 Bxc3 35. Ra1 Be5 36. Ra8+ Kg7 37. f4 Bxf4 38. Bd4+ Be5 39. Bxb2
Bxb2 40. Ra7 e6 41. Ra2 Be5 42. Ra3 {n.r.} 0-1

[Event "European Youth Chess Championship B8"]
[Site "Prague, Top Hotel Prague"]
[Date "2016.08.24"]
[Round "6.12"]
[White "Zieba, Hubert"]
[Black "Kuhn, Clement"]
[Result "0-1"]
[WhiteElo "1142"]
[BlackElo "1393"]
[PlyCount "70"]
[EventDate "2016.08.18"]

1. Nf3 c5 2. g3 Nc6 3. Bg2 g6 4. O-O Bg7 5. c4 Nh6 6. Nc3 O-O 7. e3 Nf5 8. Qe2
e6 9. b3 d5 10. cxd5 exd5 11. Bb2 d4 12. Na4 d3 13. Qd1 Bxb2 14. Nxb2 Nb4 15.
Ne1 Rb8 16. a3 Nc6 17. Nexd3 Qf6 18. Nc4 b6 19. Qc2 Rd8 20. Rad1 Ba6 21. Nf4
Re8 22. Nd5 Qd8 23. Qc3 Re6 24. Nf4 Rf6 25. Ne5 Nxe5 26. Qxe5 Rd6 27. Bh3 Bc8
28. e4 Nd4 29. Bxc8 Nf3+ 30. Kg2 Nxe5 31. Bg4 Nxg4 32. Nxg6 hxg6 33. f4 Rxd2+
34. Rxd2 Qxd2+ 35. Kf3 Nxh2# 0-1

[Event "European Youth Chess Championship B8"]
[Site "Prague, Top Hotel Prague"]
[Date "2016.08.24"]
[Round "6.13"]
[White "Hartofylakas, Spyros"]
[Black "Costa, Leonardo"]
[Result "1-0"]
[WhiteElo "1254"]
[BlackElo "1600"]
[PlyCount "59"]
[EventDate "2016.08.18"]

1. e4 e5 2. Nf3 Nc6 3. d4 exd4 4. Nxd4 Bc5 5. Nxc6 Qf6 6. Qf3 Qxf3 7. gxf3 bxc6
8. Nc3 Ne7 9. Rg1 Rg8 10. Bc4 d6 11. Be3 Bb6 12. O-O-O Be6 13. Bd3 h6 14. Rg2
f6 15. f4 Kf7 16. f5 Bd7 17. Bc4+ d5 18. exd5 Nxf5 19. Bxb6 cxb6 20. dxc6+ Be6
21. Rg4 Bxc4 22. Rxc4 Rgd8 23. Rxd8 Rxd8 24. c7 Rc8 25. Nb5 Ke6 26. Nxa7 Nd6
27. Nxc8 Nxc4 28. Na7 Nd6 29. c8=Q+ Nxc8 30. Nxc8 1-0

[Event "European Youth Chess Championship B8"]
[Site "Prague, Top Hotel Prague"]
[Date "2016.08.24"]
[Round "6.15"]
[White "Vagman, Roy"]
[Black "Orujov, Farid"]
[Result "1/2-1/2"]
[WhiteElo "1288"]
[BlackElo "1462"]
[PlyCount "96"]
[EventDate "2016.08.18"]

1. e4 c5 2. d4 cxd4 3. c3 dxc3 4. Nxc3 d6 5. Bc4 Nf6 6. Qb3 e6 7. Bd3 g6 8. Nf3
Bg7 9. O-O O-O 10. Rd1 Qe7 11. h3 Nc6 12. Be3 Rd8 13. Rac1 d5 14. exd5 exd5 15.
Bf4 Qb4 16. Qxb4 Nxb4 17. Nb5 Nxd3 18. Rxd3 Bf5 19. Rdd1 Rdc8 20. Rxc8+ Rxc8
21. Nxa7 Rc2 22. Rd2 Rc1+ 23. Kh2 Rc2 24. Rxc2 Bxc2 25. Nd2 Nh5 26. Bd6 Bxb2
27. Nc8 Bc3 28. Ne7+ Kg7 29. Nf3 Kf6 30. Nxd5+ Ke6 31. Nxc3 Kxd6 32. Ng5 Kc5
33. Nxf7 Kb4 34. Nd5+ Ka3 35. f3 b5 36. Nd6 Bd3 37. g3 Bc4 38. Nc7 Kb4 39. a3+
Kc5 40. Ne4+ Kb6 41. Ne8 Bf7 42. N8d6 Bd5 43. Nc3 Bc6 44. Nde4 Ng7 45. Kg2 Nf5
46. Kf2 Nd4 47. Nb1 Ka5 48. g4 Ne6 1/2-1/2

[Event "European Youth Chess Championship B8"]
[Site "Prague, Top Hotel Prague"]
[Date "2016.08.24"]
[Round "6.16"]
[White "Hladky, Tadeas"]
[Black "Gungor, Cihan Akif"]
[Result "1/2-1/2"]
[WhiteElo "1278"]
[BlackElo "1451"]
[PlyCount "119"]
[EventDate "2016.08.18"]

1. e4 e5 2. Nf3 Nc6 3. Bc4 Bc5 4. c3 Nf6 5. d4 exd4 6. cxd4 Bb4+ 7. Bd2 O-O 8.
Bxb4 Nxb4 9. Qb3 Nc6 10. Nc3 Na5 11. Qb4 Nxc4 12. Qxc4 Re8 13. Nd2 d5 14. Qd3
Bf5 15. f3 Qe7 16. g4 dxe4 17. fxe4 Bxe4 18. Ncxe4 Nxe4 19. Qe2 Nxd2 20. Qxe7
Rxe7+ 21. Kxd2 Rd8 22. Kc3 Re4 23. d5 Rxg4 24. Rae1 Kf8 25. Re5 Re8 26. Rh5 h6
27. Rf1 Rg5 28. Rxg5 hxg5 29. Rf5 f6 30. Kd3 Kf7 31. h3 Re5 32. Rxe5 fxe5 33.
Ke3 c6 34. Ke4 cxd5+ 35. Kxe5 d4 36. Kxd4 Ke6 37. Ke4 g6 38. a3 a6 39. b3 b6
40. a4 a5 41. Kd4 Kf5 42. Kd5 Kf4 43. Kc6 Kg3 44. Kxb6 Kxh3 45. Kxa5 g4 46. b4
g3 47. b5 g2 48. b6 g1=Q 49. Ka6 Qa1 50. a5 Qg7 51. b7 Qc7 52. b8=Q Qc6+ 53.
Qb6 Qa8+ 54. Qa7 Qxa7+ 55. Kxa7 g5 56. Kb7 g4 57. a6 g3 58. a7 g2 59. a8=Q g1=Q
60. Qh8+ 1/2-1/2

[Event "European Youth Chess Championship B8"]
[Site "Prague, Top Hotel Prague"]
[Date "2016.08.24"]
[Round "6.17"]
[White "Levitan, Yaron"]
[Black "Nguyen, Thai Dang Vi"]
[Result "1-0"]
[WhiteElo "1443"]
[BlackElo "1255"]
[PlyCount "47"]
[EventDate "2016.08.18"]

1. e4 e5 2. Nf3 Nc6 3. Nc3 Nf6 4. Bb5 d6 5. d4 Bd7 6. O-O a6 7. Bxc6 Bxc6 8.
dxe5 Nxe4 9. Nxe4 Bxe4 10. Re1 d5 11. Ng5 Be7 12. Nxe4 dxe4 13. Qg4 O-O 14. Bh6
Bf6 15. exf6 Qxf6 16. Be3 Qxb2 17. Qxe4 Rfe8 18. Qd3 Rad8 19. Bd4 Rxe1+ 20.
Rxe1 Qb4 21. Qc3 Qd6 22. Bxg7 Qd1 23. Bf8 Re8 24. Qg7# 1-0

[Event "European Youth Chess Championship B8"]
[Site "Prague, Top Hotel Prague"]
[Date "2016.08.24"]
[Round "6.18"]
[White "Males, Nicholas"]
[Black "Dovbnia, Nikita"]
[Result "0-1"]
[WhiteElo "1134"]
[BlackElo "1356"]
[PlyCount "108"]
[EventDate "2016.08.18"]

1. d4 d5 2. c4 e6 3. Nc3 Nf6 4. Bg5 Nbd7 5. Nf3 c6 6. e3 Qa5 7. Qc2 Ne4 8. cxd5
exd5 9. a3 Bb4 10. Rc1 Bxc3+ 11. bxc3 Nxg5 12. Nxg5 h6 13. Nf3 Qxa3 14. Rd1 Qe7
15. g4 Nf6 16. h3 Qe4 17. Qxe4+ Nxe4 18. c4 Be6 19. c5 Ke7 20. Ne5 a5 21. Rb1
Rhb8 22. Rb6 f6 23. Ng6+ Kf7 24. Nf4 a4 25. Nxe6 Kxe6 26. Bd3 a3 27. O-O a2 28.
Ra1 Ra7 29. Bxe4 dxe4 30. Kg2 g6 31. f3 f5 32. Rb2 Rba8 33. Rb6 exf3+ 34. Kxf3
fxg4+ 35. hxg4 Kd5 36. Rb4 h5 37. e4+ Ke6 38. gxh5 gxh5 39. Rb6 Ra3+ 40. Ke2
R8a7 41. d5+ Ke5 42. dxc6 bxc6 43. Rxc6 Kxe4 44. Rb6 Kd5 45. Rh6 Kxc5 46. Rxh5+
Kd4 47. Rhh1 Kc3 48. Rh3+ Kb2 49. Rhh1 Rc7 50. Kf2 Rac3 51. Rhf1 Rc2+ 52. Ke3
Rc1 53. Rfxc1 Rxc1 54. Rxa2+ Kxa2 0-1

[Event "European Youth Chess Championship B8"]
[Site "Prague, Top Hotel Prague"]
[Date "2016.08.24"]
[Round "6.21"]
[White "Pershin, Patrik"]
[Black "Adamala, Jacek"]
[Result "1-0"]
[WhiteElo "1252"]
[BlackElo "1322"]
[PlyCount "69"]
[EventDate "2016.08.18"]

1. d4 Nf6 2. c4 c5 3. Nf3 g6 4. g3 Bg7 5. Nc3 cxd4 6. Nxd4 d6 7. Bg2 O-O 8. O-O
Nbd7 9. Qc2 Ne5 10. b3 Qb6 11. e3 Bd7 12. Rb1 Nc6 13. Nde2 Bf5 14. e4 Nb4 15.
Qd2 Be6 16. Na4 Qa5 17. Nd4 Rfe8 18. a3 Nc6 19. Nxc6 Qxd2 20. Nxe7+ Rxe7 21.
Bxd2 Bd7 22. e5 dxe5 23. Bb4 Ree8 24. Bxb7 Rad8 25. Nc5 Bh3 26. Rfd1 Bf5 27.
Ra1 Bc2 28. Rdc1 Bf5 29. Ba5 Rd4 30. Bc3 Rdd8 31. Re1 Ng4 32. f3 Nh6 33. g4 Bc8
34. Bxc8 Rxc8 35. Ne4 {n.r.} 1-0

[Event "European Youth Chess Championship B8"]
[Site "Prague, Top Hotel Prague"]
[Date "2016.08.24"]
[Round "6.22"]
[White "Prokudin, Igor"]
[Black "Cvetkovski, Gjorgji"]
[Result "0-1"]
[WhiteElo "1322"]
[BlackElo "1128"]
[PlyCount "70"]
[EventDate "2016.08.18"]

1. Nf3 d5 2. g3 Nf6 3. Bg2 e6 4. O-O c5 5. d4 Nc6 6. c4 Be7 7. Nc3 O-O 8. Bf4
b6 9. Ne5 Bb7 10. Nxc6 Bxc6 11. e3 Rc8 12. Rc1 h6 13. Be5 dxc4 14. Bxc6 Rxc6
15. Qa4 Qd7 16. Qxc4 cxd4 17. Qxd4 Qxd4 18. Bxd4 Rfc8 19. Ne2 Rc2 20. Nc3 Rxc1
21. Rxc1 Nd5 22. Ne2 Rxc1+ 23. Nxc1 f6 24. e4 Nb4 25. a3 e5 26. axb4 exd4 27.
b5 Kf7 28. f4 Ke6 29. Kf2 f5 30. Nb3 fxe4 31. Nxd4+ Kd5 32. Nc6 Bc5+ 33. Ke2 a6
34. Na7 a5 35. h4 Kc4 0-1

[Event "European Youth Chess Championship B8"]
[Site "Prague, Top Hotel Prague"]
[Date "2016.08.24"]
[Round "6.25"]
[White "Kolesov, Gordey"]
[Black "Antoniou, Rafail"]
[Result "1-0"]
[WhiteElo "1627"]
[BlackElo "1158"]
[PlyCount "43"]
[EventDate "2016.08.18"]

1. e4 e5 2. Nf3 Nc6 3. Bc4 Nf6 4. d3 Bc5 5. O-O d6 6. c3 Bg4 7. Nbd2 Nh5 8. h3
Bxf3 9. Nxf3 h6 10. a4 a5 11. Qb3 Qd7 12. Bb5 Qc8 13. Qd1 Nf4 14. Bxf4 exf4 15.
d4 g5 16. dxc5 g4 17. hxg4 Qxg4 18. Nd4 Qh4 19. Nxc6 Rg8 20. Qf3 Rg3 21. fxg3
fxg3 22. Qxf7# 1-0

[Event "European Youth Chess Championship B8"]
[Site "Prague, Top Hotel Prague"]
[Date "2016.08.25"]
[Round "7.1"]
[White "Mogirzan, Matei-Valeriu"]
[Black "Pingin, Artem"]
[Result "1-0"]
[WhiteElo "1475"]
[BlackElo "1560"]
[PlyCount "177"]
[EventDate "2016.08.18"]

1. e4 c5 2. Nf3 Nc6 3. Bb5 d6 4. Nc3 Nf6 5. d3 a6 6. Bxc6+ bxc6 7. h3 e6 8. O-O
Be7 9. e5 Nd5 10. exd6 Bxd6 11. Ne4 Be7 12. Be3 Nxe3 13. fxe3 O-O 14. Qe1 f5
15. Nc3 Bf6 16. e4 Bd4+ 17. Kh1 Qa5 18. exf5 exf5 19. Nxd4 cxd4 20. Ne2 Qxe1
21. Raxe1 c5 22. Nf4 Rb8 23. b3 Rb6 24. Nd5 Re6 25. Ne7+ Kh8 26. Nxc8 Rxe1 27.
Rxe1 Rxc8 28. Re6 a5 29. Ra6 g6 30. Rxa5 Rc7 31. Kg1 Kg7 32. Kf2 Kf6 33. Kf3
Kg5 34. g3 Kf6 35. a4 Kg5 36. Rb5 h5 37. a5 h4 38. a6 Ra7 39. Rb6 hxg3 40. Kxg3
Re7 41. h4+ Kh6 42. Rb7 Re1 43. a7 Ra1 44. Kf4 Ra6 45. h5 Ra1 46. hxg6 Kxg6 47.
Rb6+ Kf7 48. Kxf5 Rxa7 49. Rc6 Ra5 50. Ke5 c4+ 51. Kxd4 cxb3 52. cxb3 Ke7 53.
Kc4 Ra1 54. Rh6 Rc1+ 55. Kb4 Rd1 56. Rh3 Kd6 57. Kb5 Kd5 58. b4 Rb1 59. Ka5 Kc6
60. Rh6+ Kb7 61. Kb5 Rd1 62. Rh7+ Kc8 63. Kc6 Rc1+ 64. Kb6 Rc3 65. b5 Rxd3 66.
Rh8+ Kd7 67. Kb7 Rb3 68. b6 Rb1 69. Ka7 Ra1+ 70. Kb8 Rb1 71. b7 Kc6 72. Kc8
Rxb7 73. Rh6+ Kd5 74. Kxb7 Ke5 75. Kc7 Kf5 76. Rh4 Kg5 77. Ra4 Kf5 78. Kd6 Kg5
79. Ke5 Kg6 80. Rf4 Kg5 81. Ke4 Kg6 82. Rf5 Kg7 83. Ke5 Kg6 84. Ke6 Kg7 85. Rf6
Kg8 86. Rf7 Kh8 87. Kf6 Kg8 88. Kg6 Kh8 89. Rf8# 1-0

[Event "European Youth Chess Championship B8"]
[Site "Prague, Top Hotel Prague"]
[Date "2016.08.25"]
[Round "7.2"]
[White "Ivanov, Svetlen"]
[Black "Suleymanov, Ali"]
[Result "0-1"]
[WhiteElo "1646"]
[BlackElo "1378"]
[PlyCount "60"]
[EventDate "2016.08.18"]

1. d4 Nf6 2. c4 e6 3. Nf3 b6 4. Nc3 Bb4 5. g3 Bb7 6. Bg2 O-O 7. O-O Bxc3 8.
bxc3 c6 9. Ba3 Re8 10. Bd6 Ne4 11. Bxb8 Rxb8 12. Qd3 Nf6 13. Ne5 Qc7 14. Qc2 d6
15. Nd3 d5 16. Ne5 Nd7 17. f4 f6 18. Nf3 dxc4 19. e4 c5 20. Rad1 Rbd8 21. Bh3
Nf8 22. Qe2 Qc6 23. Rde1 cxd4 24. Nxd4 Qc5 25. Rf2 e5 26. fxe5 Rxe5 27. Qg4 Bc8
28. Qf4 Bxh3 29. Nf3 Re7 30. e5 Ng6 0-1

[Event "European Youth Chess Championship B8"]
[Site "Prague, Top Hotel Prague"]
[Date "2016.08.25"]
[Round "7.3"]
[White "Borowik, Wojciech"]
[Black "Thatte, Nishchal"]
[Result "0-1"]
[WhiteElo "1347"]
[BlackElo "1397"]
[PlyCount "64"]
[EventDate "2016.08.18"]

1. d4 e6 2. c4 d5 3. Nc3 c5 4. cxd5 exd5 5. Nf3 Nc6 6. Bg5 Be7 7. Bxe7 Ngxe7 8.
h3 b6 9. e3 Bb7 10. Bb5 O-O 11. O-O a6 12. Bxc6 Bxc6 13. Ne5 Rc8 14. dxc5 bxc5
15. Qe2 d4 16. Rfd1 Qb6 17. Nc4 Qa7 18. Nb1 Rfd8 19. exd4 cxd4 20. Nba3 Nd5 21.
Qg4 Nf6 22. Qe2 Re8 23. Qd3 Red8 24. Rac1 Be4 25. Qg3 d3 26. Nd6 Rxc1 27. Rxc1
d2 28. Rd1 Qc5 29. Nac4 Qh5 30. Rxd2 Rf8 31. Qe5 Qg6 32. Rd4 Qxg2# 0-1

[Event "European Youth Chess Championship B8"]
[Site "Prague, Top Hotel Prague"]
[Date "2016.08.25"]
[Round "7.4"]
[White "Habans, Aguerrea Javier"]
[Black "Hartofylakas, Spyros"]
[Result "1-0"]
[WhiteElo "1544"]
[BlackElo "1254"]
[PlyCount "117"]
[EventDate "2016.08.18"]

1. e4 e5 2. Nf3 Nc6 3. Nc3 Bc5 4. Nxe5 Nxe5 5. d4 Bxd4 6. Qxd4 f6 7. f4 Nc6 8.
Qf2 Nge7 9. Bd3 d6 10. Be3 Be6 11. O-O Nb4 12. Be2 Nxc2 13. Bb5+ c6 14. Qxc2
cxb5 15. Nxb5 Rc8 16. Nc3 a6 17. Rfd1 Qc7 18. f5 Bf7 19. Qd2 Rd8 20. Rac1 Qb8
21. Qf2 O-O 22. Ba7 Qa8 23. Rd2 Nc8 24. Bd4 Rd7 25. Qg3 Kh8 26. Rcd1 b6 27. Qh4
Bg8 28. g4 Qb7 29. Rg2 Rff7 30. g5 fxg5 31. Rxg5 Na7 32. Rd2 Nc6 33. Be3 Ne5
34. Qg3 Nc4 35. Re2 Nxe3 36. Qxe3 Rfe7 37. Qg3 Re8 38. Rg2 Rf8 39. h4 b5 40. a3
a5 41. b4 axb4 42. axb4 Qb6+ 43. Kh2 Qb7 44. h5 Rf6 45. Qh3 Bc4 46. Qe3 Qc7 47.
Kg1 Qa7 48. Kf2 Qxe3+ 49. Kxe3 Re7 50. Kd4 Rff7 51. h6 Ra7 52. Rg1 Rfe7 53.
hxg7+ Rxg7 54. f6 Rxg5 55. Rxg5 Rf7 56. Nxb5 Bxb5 57. Rxb5 Rxf6 58. Rf5 Rg6 59.
b5 1-0

[Event "European Youth Chess Championship B8"]
[Site "Prague, Top Hotel Prague"]
[Date "2016.08.25"]
[Round "7.5"]
[White "Kuhn, Clement"]
[Black "Pashikyan, Rudolf"]
[Result "0-1"]
[WhiteElo "1393"]
[BlackElo "1465"]
[PlyCount "76"]
[EventDate "2016.08.18"]

1. d4 d5 2. Bf4 c6 3. e3 Qb6 4. Qc1 Bf5 5. Nf3 h6 6. Be2 Nf6 7. Ne5 e6 8. O-O
Be7 9. Nd2 O-O 10. c4 Nbd7 11. c5 Qd8 12. Ndf3 Ne4 13. Nxd7 Qxd7 14. Ne5 Qd8
15. f3 Nf6 16. h3 Nd7 17. b4 Nxe5 18. Bxe5 Re8 19. b5 Bf8 20. bxc6 bxc6 21. Ba6
f6 22. Bh2 Qd7 23. Qc3 e5 24. dxe5 fxe5 25. Bxe5 Bxc5 26. Qxc5 Rxe5 27. e4 Bxh3
28. gxh3 Qxh3 29. Kf2 Qh2+ 30. Ke3 Rf8 31. Bd3 Qf4+ 32. Ke2 dxe4 33. Qc4+ Kh8
34. Bxe4 Rfe8 35. Kd3 Rd8+ 36. Kc3 Qd2+ 37. Kb3 Rb8+ 38. Ka3 Ra5+ 0-1

[Event "European Youth Chess Championship B8"]
[Site "Prague, Top Hotel Prague"]
[Date "2016.08.25"]
[Round "7.6"]
[White "Wierzbicki, Dawid"]
[Black "Bialiauski, Artsiom"]
[Result "0-1"]
[WhiteElo "1391"]
[BlackElo "1436"]
[PlyCount "156"]
[EventDate "2016.08.18"]

1. e4 e5 2. Nf3 d6 3. h3 Nf6 4. Nc3 Be7 5. d3 O-O 6. Be2 Nbd7 7. O-O c6 8. Bg5
h6 9. Bh4 b5 10. a3 Bb7 11. b4 Qc7 12. Qd2 a6 13. Bg3 Rfe8 14. Nh4 Bf8 15. Nf5
Rad8 16. Rad1 Nb6 17. Bh4 Nbd7 18. Qe3 d5 19. Qg3 Kh7 20. Bxf6 Nxf6 21. Qh4 Ng8
22. Qg3 Ne7 23. Nxe7 Bxe7 24. f4 exf4 25. Qxf4 Qxf4 26. Rxf4 Bf6 27. Nb1 dxe4
28. Rxe4 Rxe4 29. dxe4 Rxd1+ 30. Bxd1 Bd4+ 31. Kf1 c5 32. c3 Bf6 33. Bc2 Be7
34. Kf2 c4 35. Nd2 Kg8 36. Nf3 Kf8 37. g4 Ke8 38. Ke3 Bf6 39. e5 Bd8 40. Be4
Bc8 41. Nd4 Bg5+ 42. Ke2 Bc1 43. Nc2 Bf4 44. Bc6+ Ke7 45. Ne3 Bxe5 46. Kd2 Kd6
47. Be4 g6 48. Bd5 Be6 49. Be4 Bf4 50. Ke2 Ke5 51. Bb7 Kd6 52. Bxa6 Kc6 53. a4
bxa4 54. Bxc4 Bxc4+ 55. Nxc4 Kb5 56. Na3+ Ka6 57. Kd1 f5 58. gxf5 gxf5 59. Kc2
Bg5 60. Kd1 f4 61. Ke2 f3+ 62. Kxf3 Bc1 63. Nb1 Kb5 64. Kg4 Kc4 65. Kh5 Kb3 66.
b5 Kc2 67. b6 Kxb1 68. b7 Bf4 69. Kg4 Bb8 70. Kh5 a3 71. Kxh6 a2 72. h4 a1=Q
73. h5 Qxc3 74. Kh7 Qg3 75. h6 Qg5 76. Kh8 Qxh6+ 77. Kg8 Qg6+ 78. Kf8 Bd6# 0-1

[Event "European Youth Chess Championship B8"]
[Site "Prague, Top Hotel Prague"]
[Date "2016.08.25"]
[Round "7.8"]
[White "Abasov, Yusif"]
[Black "Vafin, Tagir"]
[Result "1-0"]
[WhiteElo "1398"]
[BlackElo "1346"]
[PlyCount "75"]
[EventDate "2016.08.18"]

1. e4 c5 2. Nc3 d6 3. f4 g6 4. Nf3 Bg7 5. Bb5+ Nc6 6. Bxc6+ bxc6 7. d3 Nf6 8.
O-O O-O 9. Qe1 e6 10. Bd2 Rb8 11. b3 Bd7 12. Rd1 Ne8 13. Na4 Qe7 14. Be3 Nc7
15. e5 Na6 16. Qa5 Bc8 17. c4 Rd8 18. exd6 Qxd6 19. Nxc5 Nxc5 20. Bxc5 Qd7 21.
Ne5 Bxe5 22. fxe5 a6 23. Rf6 Rb7 24. Bd6 Qe8 25. c5 Rb5 26. Qd2 Rd7 27. Rdf1
Rbb7 28. R1f3 Kh8 29. Qh6 Qg8 30. Rh3 Rb4 31. Rff3 Ra7 32. Qg5 Rab7 33. Rh6 Rd7
34. Rfh3 f5 35. Qf6+ Qg7 36. Rxh7+ Kg8 37. Rxg7+ Rxg7 38. Qd8+ 1-0

[Event "European Youth Chess Championship B8"]
[Site "Prague, Top Hotel Prague"]
[Date "2016.08.25"]
[Round "7.9"]
[White "Ider, Bayar"]
[Black "Cohen, Elad"]
[Result "0-1"]
[WhiteElo "1272"]
[BlackElo "1456"]
[PlyCount "84"]
[EventDate "2016.08.18"]

1. d4 Nf6 2. Nf3 e6 3. g3 b6 4. Bg2 Bb7 5. O-O Be7 6. c4 O-O 7. d5 exd5 8. Nd4
c6 9. cxd5 cxd5 10. Nf5 Nc6 11. Nc3 Bc5 12. a3 d4 13. Na4 Rb8 14. Bf4 Ra8 15.
Nxc5 bxc5 16. Bd6 Re8 17. Qb3 Qb6 18. Qxb6 axb6 19. e3 g6 20. Ne7+ Nxe7 21.
Bxb7 Ra7 22. Bf3 Nf5 23. Bf4 dxe3 24. fxe3 Nxe3 25. Rfe1 Nc2 26. Rxe8+ Nxe8 27.
Rc1 Nd4 28. Kg2 Nxf3 29. Kxf3 Ng7 30. b4 Rxa3+ 31. Kg2 Ne6 32. bxc5 bxc5 33.
Bh6 f6 34. Rd1 Ra7 35. Rb1 Kf7 36. Be3 Ra2+ 37. Kh3 Ra7 38. Rb5 Rc7 39. Rb3 c4
40. Rc3 d5 41. Bf4 Nxf4+ 42. gxf4 d4 0-1

[Event "European Youth Chess Championship B8"]
[Site "Prague, Top Hotel Prague"]
[Date "2016.08.25"]
[Round "7.12"]
[White "Dovbnia, Nikita"]
[Black "Wielgus, Wojciech"]
[Result "1-0"]
[WhiteElo "1356"]
[BlackElo "1151"]
[PlyCount "106"]
[EventDate "2016.08.18"]

1. c4 e5 2. g3 Nf6 3. Bg2 c6 4. e3 d5 5. cxd5 cxd5 6. Ne2 Bg4 7. Nbc3 Nc6 8.
Qb3 Be6 9. d4 e4 10. a3 Rb8 11. Nf4 Qd7 12. Nxe6 Qxe6 13. Bd2 Be7 14. Rc1 O-O
15. O-O Rfc8 16. Ne2 Qd7 17. Nf4 Na5 18. Bxa5 Qe8 19. Nxd5 Nxd5 20. Qxd5 b6 21.
Bd2 Rd8 22. Qxe4 Rd6 23. Bb4 Re6 24. Qd3 Bxb4 25. axb4 Rh6 26. Rc2 Qe6 27. Rc6
Qg4 28. Rxh6 gxh6 29. h3 Qd7 30. Rc1 Rc8 31. Rxc8+ Qxc8 32. Qc3 Qxc3 33. bxc3
a5 34. Kf1 a4 35. Bd5 Kg7 36. Ke2 b5 37. c4 bxc4 38. Bxc4 Kf6 39. Kf3 h5 40.
Kf4 h4 41. g4 a3 42. b5 Ke7 43. Ke5 f6+ 44. Kd5 h6 45. Kc6 f5 46. gxf5 Kf6 47.
Be6 h5 48. b6 a2 49. Bxa2 Kxf5 50. Bb1+ Kf6 51. b7 Ke6 52. b8=Q Ke7 53. Qd6+
Kf7 1-0

[Event "European Youth Chess Championship B8"]
[Site "Prague, Top Hotel Prague"]
[Date "2016.08.25"]
[Round "7.13"]
[White "Pershin, Patrik"]
[Black "Tetyuev, Stepan"]
[Result "1-0"]
[WhiteElo "1252"]
[BlackElo "1350"]
[PlyCount "63"]
[EventDate "2016.08.18"]

1. d4 d5 2. c4 dxc4 3. e3 Nf6 4. Bxc4 e6 5. Nc3 c5 6. Nf3 a6 7. a4 Nc6 8. O-O
Be7 9. Ne2 O-O 10. Qc2 h6 11. Rd1 Nb4 12. Qb3 Qc7 13. dxc5 Bxc5 14. Bd2 a5 15.
Nc3 Bd7 16. Bb5 Bxb5 17. Nxb5 Qb6 18. Ne5 Rad8 19. Nc4 Qa6 20. Bc3 Ne4 21. Be5
f6 22. Bc7 Rd5 23. Bxa5 Nc6 24. Bc3 Nxc3 25. bxc3 Rdd8 26. Ncd6 Ne7 27. Qxe6+
Kh8 28. Qxe7 Rfe8 29. Qxb7 Qxb7 30. Nxb7 Rc8 31. N7d6 Bxd6 32. Nxd6 1-0

[Event "European Youth Chess Championship B8"]
[Site "Prague, Top Hotel Prague"]
[Date "2016.08.25"]
[Round "7.15"]
[White "Shelukhin, Ilya"]
[Black "Kolesov, Gordey"]
[Result "1/2-1/2"]
[WhiteElo "1284"]
[BlackElo "1627"]
[PlyCount "53"]
[EventDate "2016.08.18"]

1. e4 e5 2. Nf3 Nc6 3. Bc4 Bc5 4. c3 Nf6 5. d3 a6 6. Bb3 Ba7 7. Nbd2 O-O 8. Nf1
d5 9. exd5 Nxd5 10. Ng3 h6 11. O-O Be6 12. Re1 Re8 13. Nxe5 Nxe5 14. Rxe5 Bxf2+
15. Kh1 Qd6 16. Qe2 Ba7 17. d4 Qd7 18. Bd2 c6 19. Re1 Bb8 20. Re4 Bxg3 21. hxg3
Nc7 22. Bxe6 Rxe6 23. Qg4 Kh7 24. Qf5+ g6 25. Qf4 h5 26. g4 Rxe4 27. Rxe4
1/2-1/2

[Event "European Youth Chess Championship B8"]
[Site "Prague, Top Hotel Prague"]
[Date "2016.08.25"]
[Round "7.16"]
[White "Orujov, Farid"]
[Black "Hladky, Tadeas"]
[Result "1-0"]
[WhiteElo "1462"]
[BlackElo "1278"]
[PlyCount "87"]
[EventDate "2016.08.18"]

1. c4 f5 2. d3 g6 3. Nc3 Bg7 4. g3 Nc6 5. Bg2 d6 6. e3 e5 7. Nge2 Nge7 8. O-O
O-O 9. Bd2 Be6 10. Nd5 Qd7 11. Rc1 Bxd5 12. cxd5 Nd8 13. Qb3 Kh8 14. Nc3 c6 15.
dxc6 Ndxc6 16. Nd5 Nxd5 17. Bxd5 Nd8 18. Rc2 Rc8 19. Rxc8 Qxc8 20. Qa3 Qc2 21.
Qc3 Qxc3 22. Bxc3 Nc6 23. Rc1 Rd8 24. Bd2 Rc8 25. b4 a6 26. a4 Bf6 27. b5 axb5
28. axb5 Na7 29. Rxc8+ Nxc8 30. Bxb7 Na7 31. b6 Nb5 32. Bc6 Na3 33. b7 Kg7 34.
b8=Q Kh6 35. Qf8+ Bg7 36. e4+ f4 37. Bxf4+ exf4 38. Qxf4+ g5 39. Qxd6+ Kh5 40.
g4+ Kxg4 41. Qg3+ Kh5 42. Be8+ Kh6 43. Qd6+ Bf6 44. Qxf6# 1-0